ห้องสมุด วิทยาลัยพยาบาลบรมราชชนนี อุดรธานี
Boromarajonani College of Nursing, Udonthani
เปลี่ยนเป็นภาษาไทย

Change to English
 แสดงรายละเอียดบรรณานุกรม
  กลับหน้าหลัก

Brief Record : Get Marc (ISO 2709) : E-mail record : QR code ปิดหน้าต่าง
หนังสืออ้างอิง : เกี่ยวกับ Collections
mysqli: Table './ulib2015/stat_globaluid' is marked as crashed and last (automatic?) repair failed
select id from stat_globaluid where statuid='20260418071206_4002' 
mysqli: Table './ulib2015/stat_globaluid' is marked as crashed and last (automatic?) repair failed
DELETE FROM stat_globaluid
			WHERE id NOT IN (
			  SELECT id
			  FROM (
				SELECT id
				FROM stat_globaluid
				ORDER BY id DESC
				LIMIT 100
			  ) foo
			); 
mysqli: Table './ulib2015/stat_globaluid' is marked as crashed and last (automatic?) repair failed
insert into stat_globaluid set
		statuid='20260418071206_4002',
		dt='1776471126',
		phpself='/ULIB/dublinfull.php',
		agent='Mozilla/5.0 AppleWebKit/537.36 (KHTML, like Gecko; compatible; ClaudeBot/1.0; +claudebot@anthropic.com)',
		yea='2026',
		mon='4',
		dat='18',
		ip='216.73.216.142'
		
		
LEADER 00566nam 2200193 a 4500
001    8875
003     ULIBM
008    161210s2542 th m a000 0 tha d
024    974-267-863-4
050  4 ^a LB^bท244ค 2542
245 00 ^a คู่มือการจัดกิจกรรมค่ายอาสาพัฒนาและบำเพ็ญประโยชน์ /^cทองคูณ หงส์พันธุ์.
250    ^a พิมพ์ครั้งที่ 1.
260    ^a กรุงเทพฯ:^bโรงพิมพ์การศาสนา,^c2542.
300    ^a 136 หน้า
650  7 ^a ครู--การรักษา.
710 2  ^a ทองคูณ หงส์พันธุ์ .
945    ^p0^l0^i1312
945    ^p0^l0^i3663
945    ^p0^l0^i17749
945    ^p0^l0^i17750
999     ^aลิขิตลักษณ์
รายการนี้ยังไม่มีแท็ก
คุณยังไม่ได้ล็อกอิน คุณสามารถมีกิจกรรมร่วมกับเว็บไซต์ได้ แต่ต้องล็อกอินก่อน ::
  ล็อกอิน
ลำดับที่ ประเภท เลขเรียก/บาร์โค้ด สถานที่ สถานะ
1. หนังสือการพยาบาล
หนังสือการพยาบาล
LB ท244ค 2542  
  Barcode: 1312
หนังสือเก่า On Shelf
  ขอยืม
   [แสดง 1/1 รายการ]

mysqli: Can't create/write to file '/var/tmp/#sql_59d_0.MAI' (Errcode: 2)
select * from index_db where titl like '%คู่มือการจัดกิจกรรมค่ายอาสาพัฒนาและบำเพ็ญประโยชน์ / ทองคูณ  หงส์พันธุ์.%' and mid<>'8875'  order by rand() limit 3
mysqli: Can't create/write to file '/var/tmp/#sql_59d_0.MAI' (Errcode: 2)
select * from index_db where subj like '%ครู--การรักษา.%' and mid<>'8875'  order by rand() limit 3

BibComment


ยังไม่เคยถูกคอมเมนท์

คอมเมนท์ทรัพยากรรายการนี้
  คอมเมนท์: คู่มือการจัดกิจ..
Bib 8875

 
 
 

 Union Library Management : ULibM
Copyright 2026. All Rights Reserved.